[Event "21.Wörishofen-Seniorenen op"]
[Site "Bad Wörishofen (03.03.-11.03)"]
[Date "2005.03.03"]
[Round "1.1"]
[White "Gehrmann, Dorit"]
[Black "Fischer, Johann[35München]"]
[Result "1/2-1/2"]
[WhiteElo "1890"]
[BlackElo "2238"]
[PlyCount "117"]
[EventDate "2005.03.??"]
[Source "Chessorg"]
[SourceDate "2005.12.10"]

1. e4 e5 2. d4 exd4 3. Qxd4 Nc6 4. Qe3 Bb4+ 5. Nc3 d6 6. Bd2 Nf6 7. h3 O-O 8.
O-O-O Re8 9. f3 a6 10. Qf2 Ne5 11. Nge2 Bc5 12. Qh4 Ng6 13. Qe1 Bd7 14. g4 b5
15. Ng3 b4 16. Nb1 Qb8 17. Be2 Be6 18. b3 Qb6 19. Nh5 d5 20. Nxf6+ gxf6 21. Qf1
Be3 22. exd5 Bxd5 23. Bc4 Bb7 24. Bxe3 Qxe3+ 25. Nd2 Ne5 26. Kb1 Rad8 27. Ne4
Rxd1+ 28. Qxd1 Bxe4 29. fxe4 Nxc4 30. bxc4 Qxe4 31. Rf1 Qxc4 32. Rxf6 Qc3 33.
Rf1 a5 34. Qd5 Re1+ 35. Rxe1 Qxe1+ 36. Kb2 Qc3+ 37. Kb1 h6 38. Qxa5 c5 39. Qa8+
Kg7 40. Qg2 Qe1+ 41. Kb2 Qe5+ 42. Kb1 c4 43. Qf2 c3 44. a3 Qd6 45. Qe1 Qd4 46.
Qc1 bxa3 47. Qxa3 Qd1+ 48. Qc1 Qf3 49. Ka2 Qd5+ 50. Ka3 Qd2 51. Qb1 Qg2 52. Qd1
Qd2 53. Qb1 Kg6 54. Kb3 Kg5 55. Qf1 Kh4 56. Qxf7 Kxh3 57. Qf3+ Kh4 58. Qf5 Kg3
59. Qe4 1/2-1/2

[Event "21.Wörishofen-Seniorenen op"]
[Site "Bad Wörishofen (03.03.-11.03)"]
[Date "2005.03.03"]
[Round "1.2"]
[White "Packroff, Hermann"]
[Black "Hommann, Horst"]
[Result "1-0"]
[WhiteElo "2103"]
[BlackElo "1609"]
[PlyCount "61"]
[EventDate "2005.03.??"]
[Source "Chessorg"]
[SourceDate "2005.12.10"]

1. d4 Nf6 2. Nf3 e6 3. c4 d5 4. Nc3 Be7 5. Bg5 h6 6. Bh4 O-O 7. e3 b6 8. cxd5
Nxd5 9. Bxe7 Qxe7 10. Nxd5 exd5 11. Rc1 Bb7 12. Qa4 a5 13. a3 Rc8 14. Bd3 c6
15. O-O b5 16. Qb3 Na6 17. Bb1 b4 18. Qd3 g6 19. Ne5 Qe6 20. f4 f5 21. Rf3 Kh8
22. g4 Rg8 23. Rh3 Kg7 24. gxf5 gxf5 25. Kf2 Raf8 26. Rh5 Nb8 27. Rxf5 Ba6 28.
Rg1+ Kh8 29. Rxf8 Bxd3 30. Rfxg8+ Qxg8 31. Bxd3 1-0

[Event "21.Wörishofen-Seniorenen op"]
[Site "Bad Wörishofen (03.03.-11.03)"]
[Date "2005.03.03"]
[Round "1.3"]
[White "Rudolph, Joachim"]
[Black "Goy, Udo"]
[Result "0-1"]
[WhiteElo "1683"]
[BlackElo "2163"]
[PlyCount "92"]
[EventDate "2005.03.??"]
[Source "Chessorg"]
[SourceDate "2005.12.10"]

1. f4 g6 2. Nf3 Bg7 3. e3 Nf6 4. Nc3 c5 5. Be2 d5 6. Bb5+ Nbd7 7. O-O O-O 8.
Bxd7 Bxd7 9. d3 Bc6 10. Ne2 Rc8 11. Ne5 Nd7 12. Nxc6 Rxc6 13. c3 e6 14. Bd2 Re8
15. d4 b6 16. Be1 Rc8 17. Qd2 Nf6 18. Bf2 Ne4 19. Qe1 b5 20. dxc5 Rxc5 21. a3
Qb6 22. Nd4 Rc4 23. Qe2 Rb8 24. Rfd1 a5 25. Be1 Bf8 26. Kf1 Rbc8 27. Rab1 b4
28. cxb4 axb4 29. b3 R4c7 30. a4 Bg7 31. Qd3 Nc3 32. Bxc3 Rxc3 33. Qe2 Re8 34.
Rd3 e5 35. Nb5 Rxd3 36. Qxd3 exf4 37. exf4 Re4 38. g3 Qe6 39. Kf2 h5 40. Rd1
Bf8 41. Rc1 h4 42. Nd4 Qb6 43. Rc4 Bg7 44. Kf3 dxc4 45. Qxe4 Qxd4 46. bxc4 b3
0-1

[Event "21.Wörishofen-Seniorenen op"]
[Site "Bad Wörishofen (03.03.-11.03)"]
[Date "2005.03.03"]
[Round "1.4"]
[White "Zunker, Reinhard,Dr."]
[Black "Luecke, Volkmar"]
[Result "1/2-1/2"]
[WhiteElo "2122"]
[BlackElo "1863"]
[PlyCount "161"]
[EventDate "2005.03.??"]
[Source "Chessorg"]
[SourceDate "2005.12.10"]

1. e4 e6 2. d4 d5 3. Nc3 dxe4 4. Nxe4 Nd7 5. Nf3 Ngf6 6. Bg5 Be7 7. Bxf6 Nxf6
8. Bd3 O-O 9. Qe2 Nd5 10. g3 a6 11. a3 c5 12. Nxc5 Bxc5 13. dxc5 Qa5+ 14. c3
Qxc5 15. O-O Nf6 16. Ne5 Rd8 17. Rad1 Qc7 18. h4 Bd7 19. f4 Ba4 20. Rde1 Rd6
21. Bc2 Bxc2 22. Qxc2 Qc5+ 23. Kg2 Rad8 24. Rf2 Qd5+ 25. Kh2 Nd7 26. Nxd7 R6xd7
27. Re4 Qd1 28. Qxd1 Rxd1 29. Kg2 g6 30. Rb4 b5 31. a4 R8d5 32. Re2 Ra1 33.
axb5 axb5 34. Re5 Rd2+ 35. Kf3 Rf1+ 36. Ke3 Rg2 37. Rexb5 Rxg3+ 38. Ke4 Rg4 39.
Ke5 Rxh4 40. Rb7 Rh5+ 41. Ke4 Rf5 42. Ke3 e5 43. fxe5 Re1+ 44. Kd2 Rexe5 45.
Rd4 h5 46. c4 Rf2+ 47. Kd3 Ree2 48. c5 Rd2+ 49. Ke4 Rxb2 50. c6 Rbc2 51. c7 Kg7
52. Rb2 Rxb2 53. c8=Q Rfe2+ 54. Kd5 Rb5+ 55. Kd6 Re6+ 56. Kd7 Reb6 57. Qc3 Rb7+
58. Ke8 Re5+ 59. Kd8 Kf8 60. Kc8 Rbe7 61. Rd8+ Kg7 62. Rd7 Re8+ 63. Kc7 Kg8 64.
Qc4 R5e7 65. Qd3 Re6 66. Rd6 R8e7+ 67. Kc6 Rxd6+ 68. Kxd6 Re6+ 69. Kd5 Kg7 70.
Qc3+ Kg8 71. Qd4 Kh7 72. Qa7 Kg7 73. Qb8 Rf6 74. Qe5 h4 75. Ke4 h3 76. Ke3 h2
77. Qxh2 Re6+ 78. Kf4 Rf6+ 79. Kg4 Rf5 80. Qb2+ Kg8 81. Qb8+ 1/2-1/2

[Event "21.Wörishofen-Seniorenen op"]
[Site "Bad Wörishofen (03.03.-11.03)"]
[Date "2005.03.03"]
[Round "1.5"]
[White "Duer, Maria"]
[Black "Igney, Volkhard"]
[Result "0-1"]
[WhiteElo "1694"]
[BlackElo "2178"]
[PlyCount "102"]
[EventDate "2005.03.??"]
[Source "Chessorg"]
[SourceDate "2005.12.10"]

1. d4 d5 2. c4 c6 3. e3 e6 4. Nf3 Nf6 5. Nbd2 Nbd7 6. Bd3 Be7 7. a3 O-O 8. O-O
c5 9. b3 b6 10. Bb2 Bb7 11. Qe2 Ne4 12. Rfd1 Bf6 13. Ne5 Nxd2 14. Rxd2 cxd4 15.
exd4 dxc4 16. bxc4 Qc7 17. Re1 Bxe5 18. dxe5 Nc5 19. Bc2 Rfd8 20. Red1 Rxd2 21.
Qxd2 g6 22. Qd6 Rc8 23. f3 Ba6 24. Qd4 Nb7 25. Bb3 Rd8 26. Qc3 Rxd1+ 27. Bxd1
Bxc4 28. h3 a5 29. Bc1 Qc5+ 30. Be3 Qd5 31. Bc2 Nc5 32. Kh2 Nd7 33. Bf4 Nc5 34.
Be3 Kg7 35. Bg5 Nd7 36. Bf4 h5 37. Be4 Qc5 38. Bc2 Bd5 39. Qd3 b5 40. h4 b4 41.
axb4 axb4 42. Ba4 Bc6 43. Bxc6 Qxc6 44. Qe3 Qd5 45. Bh6+ Kh7 46. Bf4 b3 47. Qc3
Qb5 48. Qb2 Qc4 49. Kg3 Qc2 50. Qd4 b2 51. Qxd7 Qf5 0-1

[Event "21.Wörishofen-Seniorenen op"]
[Site "Bad Wörishofen (03.03.-11.03)"]
[Date "2005.03.03"]
[Round "1.6"]
[White "Villing, Dieter"]
[Black "Mahrla, Hans,Dr."]
[Result "1-0"]
[WhiteElo "2163"]
[BlackElo "1626"]
[PlyCount "53"]
[EventDate "2005.03.??"]
[Source "Chessorg"]
[SourceDate "2005.12.10"]

1. e4 e6 2. d4 d5 3. Nc3 Bb4 4. e5 Ne7 5. h4 Nf5 6. Nf3 Be7 7. Bd3 Nc6 8. Ne2
Nxh4 9. Nxh4 Bxh4 10. c3 h6 11. Nf4 Bg5 12. Qg4 Ne7 13. Nh5 Kf8 14. f4 f5 15.
Qh3 Ng6 16. fxg5 hxg5 17. g3 Kf7 18. Bd2 Bd7 19. O-O-O Qe7 20. Rdf1 Raf8 21. g4
Nf4 22. Bxf4 gxf4 23. gxf5 exf5 24. Qg2 Be6 25. Qxg7+ Ke8 26. Nf6+ Kd8 27. Qxh8
1-0

[Event "21.Wörishofen-Seniorenen op"]
[Site "Bad Wörishofen (03.03.-11.03)"]
[Date "2005.03.03"]
[Round "1.7"]
[White "Wittelsberger, Helmut"]
[Black "Neese, Hans-Joachim"]
[Result "0-1"]
[WhiteElo "1794"]
[BlackElo "2100"]
[PlyCount "112"]
[EventDate "2005.03.??"]
[Source "Chessorg"]
[SourceDate "2005.12.10"]

1. e4 c5 2. d4 cxd4 3. c3 d5 4. exd5 Qxd5 5. cxd4 Nc6 6. Nf3 Bg4 7. Nc3 Qa5 8.
Be3 e6 9. a3 Nf6 10. Be2 Be7 11. O-O O-O 12. h3 Bh5 13. b4 Qd8 14. Qd2 Rc8 15.
Rac1 Nd5 16. Nxd5 Qxd5 17. b5 Nb8 18. Qb2 Nd7 19. g4 Bg6 20. Nd2 Nb6 21. Rxc8
Rxc8 22. Rc1 Qd7 23. Rxc8+ Qxc8 24. Bf3 Nd5 25. Bxd5 exd5 26. Qb3 Qd7 27. f4 f6
28. f5 Bf7 29. Bf4 h5 30. a4 hxg4 31. hxg4 g5 32. Bg3 Bd8 33. Qc3 Kg7 34. Kf2
a6 35. bxa6 bxa6 36. a5 Qb5 37. Nb3 Qc4 38. Qb2 Be7 39. Kg2 Bb4 40. Bf2 Be8 41.
Nd2 Qb5 42. Nf3 Bxa5 43. Qc1 Qc6 44. Qe3 Bd8 45. Be1 Qc2+ 46. Kh3 Bb5 47. Bd2
Qd3 48. Qxd3 Bxd3 49. Kg3 Kf7 50. Kf2 Ke8 51. Bb4 a5 52. Bc3 Kd7 53. Ke3 Bc2
54. Kd2 Be4 55. Ne1 Kc6 56. Nc2 Kb5 0-1

[Event "21.Wörishofen-Seniorenen op"]
[Site "Bad Wörishofen (03.03.-11.03)"]
[Date "2005.03.03"]
[Round "1.8"]
[White "Bierwisch, Bernhard"]
[Black "Ganslmayer, Herbert"]
[Result "1-0"]
[WhiteElo "2117"]
[BlackElo "1855"]
[PlyCount "73"]
[EventDate "2005.03.??"]
[Source "Chessorg"]
[SourceDate "2005.12.10"]

1. e4 d6 2. d4 g6 3. Nf3 Bg7 4. Be2 Nd7 5. O-O e6 6. Bg5 Ne7 7. Qd2 O-O 8. Nc3
a6 9. Rad1 Qe8 10. Rfe1 f6 11. Bh6 Bxh6 12. Qxh6 Qf7 13. Bc4 b5 14. Bb3 Nb6 15.
a4 Bd7 16. axb5 axb5 17. e5 Nf5 18. Qf4 fxe5 19. dxe5 d5 20. Nxd5 Nxd5 21. Bxd5
Ra4 22. Be4 Bc6 23. b3 Rxe4 24. Rxe4 Qe7 25. Ree1 Bxf3 26. Qxf3 Qc5 27. Rd2 Qb4
28. Red1 Nh4 29. Qh3 Nf5 30. Rd7 h5 31. Qd3 Qf4 32. Rd8 Qxe5 33. Rxf8+ Kxf8 34.
Qd8+ Kg7 35. Qg5 Qc3 36. Rd7+ Kf8 37. Qd8# 1-0

[Event "21.Wörishofen-Seniorenen op"]
[Site "Bad Wörishofen (03.03.-11.03)"]
[Date "2005.03.03"]
[Round "1.9"]
[White "Schuster, Herbert"]
[Black "Schmid, Hermann[39Peiting]"]
[Result "0-1"]
[WhiteElo "1641"]
[BlackElo "2055"]
[PlyCount "100"]
[EventDate "2005.03.??"]
[Source "Chessorg"]
[SourceDate "2005.12.10"]

1. d4 e6 2. Nf3 f5 3. Bg5 Be7 4. Bxe7 Qxe7 5. Qd2 Nf6 6. e3 O-O 7. Bc4 d5 8.
Bd3 Nbd7 9. Qc3 c6 10. Nbd2 Ne4 11. Bxe4 fxe4 12. Ne5 Nxe5 13. dxe5 Bd7 14. f4
exf3 15. gxf3 c5 16. O-O-O b5 17. Qa5 b4 18. f4 Rfb8 19. Qc7 a5 20. Qd6 Qxd6
21. exd6 Bc6 22. Rhe1 Rd8 23. e4 Rxd6 24. Nc4 Rdd8 25. exd5 exd5 26. Ne5 Bb5
27. Rd2 d4 28. Rg2 Ra7 29. Reg1 a4 30. h4 Rf8 31. Rg4 Rf5 32. Kd2 Rc7 33. c4
dxc3+ 34. bxc3 h5 35. Rg5 Rxf4 36. Ke3 Rxh4 37. Rd1 Re7 38. Kf3 Be8 39. Rd8 Kh7
40. Kg3 Re4 41. Nf3 Rg4+ 42. Rxg4 hxg4 43. Kxg4 bxc3 44. Rd1 Re2 45. Rc1 c2 46.
Kf4 Bg6 47. Ng5+ Kg8 48. Nf3 Bd3 49. a3 c4 50. Ne1 Rd2 0-1

[Event "21.Wörishofen-Seniorenen op"]
[Site "Bad Wörishofen (03.03.-11.03)"]
[Date "2005.03.03"]
[Round "1.10"]
[White "Minz, Michael"]
[Black "Kaiser, Hans[35BGladbach]"]
[Result "1/2-1/2"]
[WhiteElo "2055"]
[BlackElo "1612"]
[PlyCount "126"]
[EventDate "2005.03.??"]
[Source "Chessorg"]
[SourceDate "2005.12.10"]

1. e4 c5 2. Nc3 Nc6 3. g3 g6 4. Bg2 Bg7 5. d3 d6 6. Be3 Nf6 7. h3 O-O 8. Qd2
Re8 9. Nce2 e5 10. Nf3 Qa5 11. Qxa5 Nxa5 12. Nc3 a6 13. Nd2 Be6 14. Nd5 Nxd5
15. exd5 Bd7 16. Ne4 Red8 17. Bg5 f6 18. Nxf6+ Bxf6 19. Bxf6 Re8 20. Bg5 b5 21.
O-O Nb7 22. Rae1 Nd8 23. Bxd8 Raxd8 24. Kh2 Rf8 25. h4 Rf6 26. Bh3 Bxh3 27.
Kxh3 Rdf8 28. Kg2 h5 29. Re2 b4 30. Ra1 Rb8 31. Re3 a5 32. Rf3 Kf7 33. Rxf6+
Kxf6 34. Kf3 Kf5 35. Ke3 a4 36. f3 Rh8 37. b3 a3 38. Rc1 Rb8 39. Rg1 Rh8 40.
g4+ hxg4 41. Rxg4 Re8 42. Kd2 Rh8 43. c3 bxc3+ 44. Kxc3 Rb8 45. Ra4 g5 46. hxg5
Kxg5 47. Ra6 Rd8 48. b4 cxb4+ 49. Kxb4 Kf4 50. Rxa3 Kxf3 51. Ra6 Ke3 52. Kc3
Rc8+ 53. Rc6 Ra8 54. Rxd6 Ra3+ 55. Kb2 Rxd3 56. Rd8 Kd4 57. d6 Kc5 58. Re8 Rxd6
59. Rxe5+ Kb4 60. a3+ Ka4 61. Re4+ Ka5 62. Kb3 Rd3+ 63. Kc4 Rxa3 1/2-1/2

[Event "21.Wörishofen-Seniorenen op"]
[Site "Bad Wörishofen (03.03.-11.03)"]
[Date "2005.03.03"]
[Round "1.11"]
[White "Litterst, Reinhard"]
[Black "Fahnenschmidt, Gerhard,Dr."]
[Result "1-0"]
[WhiteElo "1843"]
[BlackElo "2020"]
[PlyCount "127"]
[EventDate "2005.03.??"]
[Source "Chessorg"]
[SourceDate "2005.12.10"]

1. d4 Nf6 2. Nf3 c5 3. e3 b6 4. Be2 Bb7 5. O-O g6 6. c4 Bg7 7. Nc3 O-O 8. Qc2
cxd4 9. exd4 d5 10. cxd5 Nxd5 11. Nxd5 Qxd5 12. Be3 Nc6 13. Qd2 Rfd8 14. Rfd1
e5 15. dxe5 Qe4 16. Bd3 Qg4 17. h3 Qh5 18. Qe2 Rxd3 19. Qxd3 Nb4 20. Qc4 Bf8
21. Rd7 Bd5 22. Rxd5 Qf5 23. Rd2 Rc8 24. Qb3 h6 25. Rad1 Nc6 26. Rd7 Re8 27.
Qa4 Re6 28. Qf4 Qxf4 29. Bxf4 g5 30. Bg3 Bc5 31. R7d6 Bxd6 32. exd6 f5 33. d7
f4 34. d8=Q+ Nxd8 35. Rxd8+ Kf7 36. Bh2 Rc6 37. g3 Ke7 38. Rd2 Rf6 39. Kg2 Rf5
40. gxf4 gxf4 41. Rd4 Rb5 42. b3 Ra5 43. a4 b5 44. Rd5 a6 45. Bxf4 Ke6 46. Re5+
Kf6 47. Bd2 bxa4 48. Rxa5 axb3 49. Rxa6+ Kf5 50. Rb6 b2 51. Rxb2 h5 52. Rb4 h4
53. Bc3 Kg6 54. Rb5 Kh6 55. Ne5 Kg5 56. Kf3 Kf5 57. Ng4+ Kg6 58. Kf4 Kf7 59.
Rb6 Ke7 60. Kf5 Kd7 61. Be5 Ke7 62. Rb7+ Kd8 63. Ke6 Kc8 64. Rb8# 1-0

[Event "21.Wörishofen-Seniorenen op"]
[Site "Bad Wörishofen (03.03.-11.03)"]
[Date "2005.03.03"]
[Round "1.12"]
[White "Delander, Adolf"]
[Black "Aigner, Georg"]
[Result "1/2-1/2"]
[WhiteElo "2030"]
[BlackElo "1823"]
[PlyCount "105"]
[EventDate "2005.03.??"]
[Source "Chessorg"]
[SourceDate "2005.12.10"]

1. d4 d5 2. Nf3 Nf6 3. c4 c6 4. Nbd2 e6 5. e3 Nbd7 6. Bd3 Be7 7. O-O Nf8 8. e4
dxe4 9. Nxe4 Ng6 10. Qc2 Bd7 11. Be3 Rc8 12. h3 Nh5 13. Rad1 Qc7 14. a3 Nhf4
15. Rfe1 Nxd3 16. Qxd3 O-O 17. b4 Rfd8 18. Qc3 b6 19. c5 Nf4 20. Bxf4 Qxf4 21.
Ne5 Be8 22. Nc4 Rb8 23. cxb6 axb6 24. Ne5 Rbc8 25. Rd3 Qh4 26. Kh2 Bd6 27. Nxd6
Rxd6 28. g3 Qe7 29. Nc4 Rdd8 30. Nxb6 Rb8 31. Nc4 Rb7 32. Ne5 Rc7 33. f4 Rd5
34. Ng4 h5 35. Ne3 Rd8 36. h4 Qf6 37. Nc4 Rcd7 38. Re5 Rd5 39. Ne3 Rxe5 40.
dxe5 Qe7 41. Rd4 Ra8 42. Rd3 Qa7 43. Kh3 Qb6 44. g4 hxg4+ 45. Nxg4 Qg1 46. Nh2
Qg6 47. Ng4 Qe4 48. Kg3 Rc8 49. Rd1 Qe2 50. Qd3 Qa2 51. Rd2 Qa1 52. Rd1 Qa2 53.
Rd2 1/2-1/2

[Event "21.Wörishofen-Seniorenen op"]
[Site "Bad Wörishofen (03.03.-11.03)"]
[Date "2005.03.03"]
[Round "1.13"]
[White "Kreie, Guenter"]
[Black "Riedel, Lutz"]
[Result "0-1"]
[WhiteElo "1847"]
[BlackElo "2010"]
[PlyCount "72"]
[EventDate "2005.03.??"]
[Source "Chessorg"]
[SourceDate "2005.12.10"]

1. e4 c5 2. Nf3 Nc6 3. d4 cxd4 4. Nxd4 Nf6 5. Nc3 d6 6. Bg5 Qb6 7. Nb3 Bd7 8.
Be2 e6 9. Be3 Qd8 10. f4 Be7 11. O-O O-O 12. a3 Na5 13. Nxa5 Qxa5 14. Qe1 Rac8
15. Nd5 Qd8 16. Nxe7+ Qxe7 17. Bd3 a6 18. h3 Bc6 19. Bf2 Qc7 20. c4 d5 21. e5
Ne4 22. Bd4 Qd7 23. cxd5 exd5 24. f5 Bb5 25. Qe3 f6 26. e6 Qd6 27. Bxb5 axb5
28. Rfc1 g6 29. g4 Rc4 30. Rxc4 bxc4 31. g5 fxg5 32. e7 Qxe7 33. f6 Qd6 34. Rf1
Qg3+ 35. Qxg3 Nxg3 36. Bc5 Nxf1 0-1

[Event "21.Wörishofen-Seniorenen op"]
[Site "Bad Wörishofen (03.03.-11.03)"]
[Date "2005.03.03"]
[Round "1.14"]
[White "Budt, Karl-Heinz"]
[Black "Schuler, Georg"]
[Result "1-0"]
[WhiteElo "2002"]
[BlackElo "1885"]
[PlyCount "62"]
[EventDate "2005.03.??"]
[Source "Chessorg"]
[SourceDate "2005.12.10"]

1. c4 c5 2. Nf3 Nf6 3. Nc3 Nc6 4. d4 cxd4 5. Nxd4 g6 6. e4 d6 7. Be2 Bg7 8. Be3
O-O 9. O-O Bd7 10. Qd2 a6 11. f3 Re8 12. Rfd1 Qc8 13. Rac1 Nxd4 14. Bxd4 Bc6
15. Nd5 Bxd5 16. cxd5 Qd7 17. Rc4 Rec8 18. Rdc1 Rxc4 19. Rxc4 Rc8 20. Qc3 Rxc4
21. Qxc4 h5 22. a4 e5 23. Bb6 Kf8 24. a5 Ne8 25. Bd1 f5 26. Ba4 Qe7 27. Qc8
fxe4 28. fxe4 Bh6 29. Bd7 Kf7 30. Bd8 Be3+ 31. Kh1 Qf8 1-0

[Event "21.Wörishofen-Seniorenen op"]
[Site "Bad Wörishofen (03.03.-11.03)"]
[Date "2005.03.03"]
[Round "1.15"]
[White "Zacharias, Helmut"]
[Black "Kraft, Hans"]
[Result "0-1"]
[WhiteElo "1340"]
[BlackElo "2052"]
[PlyCount "98"]
[EventDate "2005.03.??"]
[Source "Chessorg"]
[SourceDate "2005.12.10"]

1. d4 Nf6 2. Nd2 d5 3. Ngf3 e6 4. g3 c5 5. c3 Nc6 6. e3 Bd6 7. Bg2 O-O 8. O-O
b6 9. Re1 Bb7 10. e4 dxe4 11. Nxe4 Nxe4 12. Rxe4 Be7 13. Re1 Na5 14. b4 cxb4
15. Qd3 bxc3 16. Qxc3 Bf6 17. Be3 Qc8 18. Rac1 Qxc3 19. Rxc3 Rac8 20. Rec1 Rxc3
21. Rxc3 Rc8 22. Rxc8+ Bxc8 23. h4 Bb7 24. g4 Bd5 25. a3 Nc4 26. g5 Be7 27. a4
Bc6 28. Ne5 Nxe5 29. dxe5 Bxa4 30. Be4 g6 31. Kf1 Bc5 32. Bxc5 bxc5 33. Ke2 Kf8
34. Kd3 Bb5+ 35. Kc3 Ke7 36. f4 a5 37. Bf3 Kd7 38. h5 gxh5 39. Bxh5 Ke7 40. Bd1
Kf8 41. Bc2 Kg7 42. f5 exf5 43. Bxf5 h5 44. e6 fxe6 45. Bxe6 Kg6 46. Bc8 Kxg5
47. Bh3 h4 48. Kb3 Kf4 49. Be6 Kg3 0-1

[Event "21.Wörishofen-Seniorenen op"]
[Site "Bad Wörishofen (03.03.-11.03)"]
[Date "2005.03.03"]
[Round "1.16"]
[White "Kripp, Wolfgang"]
[Black "Frantzke, Helmut"]
[Result "1-0"]
[WhiteElo "2038"]
[BlackElo "1774"]
[PlyCount "63"]
[EventDate "2005.03.??"]
[Source "Chessorg"]
[SourceDate "2005.12.10"]

1. e4 g6 2. d4 c6 3. c3 d5 4. e5 f6 5. f4 Nh6 6. Nf3 Bg4 7. h3 Bf5 8. g4 Be4 9.
Nbd2 Bg7 10. Bg2 O-O 11. Qb3 Qb6 12. Nxe4 Qxb3 13. Nxf6+ exf6 14. axb3 fxe5 15.
fxe5 Nf7 16. O-O Na6 17. Ng5 Nc7 18. Nxf7 Rxf7 19. Be3 Rxf1+ 20. Rxf1 Ne6 21.
Ra1 a6 22. c4 dxc4 23. bxc4 Rd8 24. d5 cxd5 25. cxd5 Nc7 26. d6 Bxe5 27. dxc7
Bxc7 28. Bxb7 Rd3 29. Kf2 a5 30. Ba6 Rd6 31. Bc4+ Kg7 32. Ke2 1-0

[Event "21.Wörishofen-Seniorenen op"]
[Site "Bad Wörishofen (03.03.-11.03)"]
[Date "2005.03.03"]
[Round "1.17"]
[White "Czeitschner, Roland"]
[Black "Wunderer, Eckart"]
[Result "0-1"]
[WhiteElo "1766"]
[BlackElo "2006"]
[PlyCount "46"]
[EventDate "2005.03.??"]
[Source "Chessorg"]
[SourceDate "2005.12.10"]

1. b4 e6 2. b5 Nf6 3. Bb2 d5 4. e3 c5 5. c4 Nbd7 6. Nf3 Bd6 7. d4 b6 8. Bd3 Bb7
9. O-O O-O 10. Nbd2 Rc8 11. Rc1 Qe7 12. Re1 Ne4 13. h3 Bb8 14. Ne5 Rfd8 15.
Nxd7 Rxd7 16. Qe2 Nxd2 17. Qxd2 dxc4 18. Bxc4 Qd6 19. g3 e5 20. Qe2 cxd4 21.
exd4 exd4 22. Ba3 Qxa3 23. Bxf7+ Rxf7 0-1

[Event "21.Wörishofen-Seniorenen op"]
[Site "Bad Wörishofen (03.03.-11.03)"]
[Date "2005.03.03"]
[Round "1.18"]
[White "Storkebaum, Karl-Heinrich,Dr."]
[Black "Schoen, Siegfried"]
[Result "1-0"]
[WhiteElo "1877"]
[BlackElo "1545"]
[PlyCount "69"]
[EventDate "2005.03.??"]
[Source "Chessorg"]
[SourceDate "2005.12.10"]

1. d4 d5 2. c4 c6 3. Nf3 Nf6 4. Nc3 e6 5. Bf4 Be7 6. e3 Nbd7 7. Bd3 dxc4 8.
Bxc4 Nd5 9. Bg3 b5 10. Bd3 Nxc3 11. bxc3 a6 12. O-O Bb7 13. Qc2 h6 14. c4 Nf6
15. e4 O-O 16. h3 Kh8 17. e5 Ng8 18. c5 Qd7 19. Rad1 a5 20. Rfe1 Rfe8 21. Qe2
Rac8 22. h4 Qd5 23. Be4 Qd7 24. h5 -- 25. Bc2 f5 26. exf6 Nxf6 27. Bg6 Rf8 28.
Qxe6 Qxe6 29. Rxe6 Nd5 30. Rde1 Bf6 31. Be5 Bxe5 32. Nxe5 Nf4 33. Re7 Ba6 34.
Nxc6 Nxg6 35. hxg6 1-0

[Event "21.Wörishofen-Seniorenen op"]
[Site "Bad Wörishofen (03.03.-11.03)"]
[Date "2005.03.03"]
[Round "1.19"]
[White "Wohlfart, Karl-Heinz"]
[Black "Schumacher, Helmut[31Aachen]"]
[Result "0-1"]
[WhiteElo "1774"]
[BlackElo "2022"]
[PlyCount "62"]
[EventDate "2005.03.??"]
[Source "Chessorg"]
[SourceDate "2005.12.10"]

1. Nf3 d5 2. g3 Nf6 3. Bg2 Bf5 4. O-O e6 5. d3 h6 6. Nbd2 Be7 7. Qe1 O-O 8. e4
Bh7 9. Qe2 c5 10. e5 Nfd7 11. Re1 Nc6 12. c3 b5 13. Nf1 a5 14. h4 c4 15. d4 b4
16. Ne3 a4 17. Nd2 Rc8 18. Qg4 Nb6 19. f4 Qd7 20. Nf3 a3 21. Qh5 axb2 22. Bxb2
Na4 23. Bc1 Nxc3 24. f5 exf5 25. Kh2 Bg6 26. e6 Qxe6 27. Nxf5 Bxh5 28. Nxe7+
Nxe7 29. Rxe6 fxe6 30. Bf4 Bxf3 31. Bxf3 Ng6 0-1

[Event "21.Wörishofen-Seniorenen op"]
[Site "Bad Wörishofen (03.03.-11.03)"]
[Date "2005.03.03"]
[Round "1.20"]
[White "Fischer, Ernst[37Weiden]"]
[Black "Hausner, Alfreda"]
[Result "1/2-1/2"]
[WhiteElo "1940"]
[BlackElo "1765"]
[PlyCount "55"]
[EventDate "2005.03.??"]
[Source "Chessorg"]
[SourceDate "2005.12.10"]

1. d4 d5 2. Nf3 Nf6 3. Bg5 e6 4. e3 Be7 5. Bd3 O-O 6. Nbd2 b6 7. Ne5 Ne8 8. Bf4
Nf6 9. Qf3 Nfd7 10. Qh3 f5 11. g4 Nxe5 12. Bxe5 g6 13. O-O-O Nd7 14. f4 c5 15.
c3 c4 16. Bc2 b5 17. Qg2 Nxe5 18. dxe5 Qb6 19. Qe2 b4 20. Nf3 bxc3 21. bxc3 Qa5
22. Kd2 Bd7 23. Nd4 Bc5 24. h4 Bxd4 25. exd4 Ba4 26. Bxa4 Qxa4 27. Ke3 Rab8 28.
g5 1/2-1/2

[Event "21.Wörishofen-Seniorenen op"]
[Site "Bad Wörishofen (03.03.-11.03)"]
[Date "2005.03.03"]
[Round "1.21"]
[White "Von Hoesslin, Holger"]
[Black "Nietsch, Horst"]
[Result "0-1"]
[WhiteElo "1601"]
[BlackElo "1905"]
[PlyCount "94"]
[EventDate "2005.03.??"]
[Source "Chessorg"]
[SourceDate "2005.12.10"]

1. e4 e6 2. d4 d5 3. e5 c5 4. c3 Nc6 5. Nf3 Qb6 6. a3 a5 7. Bd3 Bd7 8. Bc2 Nh6
9. b3 Be7 10. Be3 Ng4 11. h3 Nxe3 12. fxe3 f5 13. Nbd2 O-O 14. O-O Rac8 15. Qe1
Rf7 16. Qg3 Kh8 17. Ng5 Bxg5 18. Qxg5 cxd4 19. exd4 Nxd4 20. cxd4 Rxc2 21. Kh1
Rc8 22. Nf3 Qd8 23. Qh5 g6 24. Qh6 Qf8 25. Qd2 Qd8 26. Rac1 Bc6 27. Ng5 Re7 28.
h4 h6 29. Nh3 Rh7 30. g3 g5 31. hxg5 hxg5 32. Kg2 Rg7 33. Rh1 Kg8 34. Rc5 b6
35. Rc3 Bb7 36. Rhc1 Rxc3 37. Rxc3 Qe7 38. Qc1 Kh7 39. a4 Kg8 40. Qf1 Qb4 41.
Qd3 Ba6 42. Qd2 f4 43. gxf4 gxf4+ 44. Kf2 Rc7 45. Rc2 Qxb3 46. Qxf4 Rxc2+ 47.
Kg1 Qb1+ 0-1

[Event "21.Wörishofen-Seniorenen op"]
[Site "Bad Wörishofen (03.03.-11.03)"]
[Date "2005.03.03"]
[Round "1.22"]
[White "Mueller, Manfred[42Senftenb]"]
[Black "Paulsen, Eckart"]
[Result "1-0"]
[WhiteElo "1901"]
[BlackElo "1636"]
[PlyCount "77"]
[EventDate "2005.03.??"]
[Source "Chessorg"]
[SourceDate "2005.12.10"]

1. e4 e6 2. d4 d5 3. Nd2 dxe4 4. Nxe4 Bd7 5. Bd3 Bc6 6. c3 Nd7 7. Nf3 Ngf6 8.
Qe2 Nxe4 9. Bxe4 Bxe4 10. Qxe4 c6 11. O-O Be7 12. Re1 O-O 13. Bd2 Nf6 14. Qc2
Rc8 15. Rad1 Qc7 16. Ne5 c5 17. Be3 Nd5 18. Qe4 Nf6 19. Qb1 Nd5 20. Nf3 h6 21.
Bc1 Bf6 22. c4 Nb6 23. b3 cxd4 24. Nxd4 a6 25. Qe4 Nd7 26. Bf4 Qa5 27. Qe2 e5
28. Nf3 exf4 29. Rxd7 Rfe8 30. Qxe8+ Rxe8 31. Rxe8+ Kh7 32. Rxf7 Qxa2 33. Rxb7
Qa1+ 34. Re1 Qa2 35. h3 a5 36. Re6 Qb2 37. c5 Qc2 38. c6 Qf5 39. Rd6 1-0

[Event "21.Wörishofen-Seniorenen op"]
[Site "Bad Wörishofen (03.03.-11.03)"]
[Date "2005.03.03"]
[Round "1.23"]
[White "Lang, Hermann[35Merzig]"]
[Black "Klempt, Guenter"]
[Result "0-1"]
[WhiteElo "1717"]
[BlackElo "1943"]
[PlyCount "74"]
[EventDate "2005.03.??"]
[Source "Chessorg"]
[SourceDate "2005.12.10"]

1. d4 Nf6 2. Nf3 g6 3. g3 Bg7 4. Bg2 O-O 5. O-O d6 6. Nbd2 Nbd7 7. e4 e5 8. c3
c5 9. dxe5 dxe5 10. Re1 b5 11. Qc2 Bb7 12. Nh4 Qc7 13. c4 a6 14. b3 Rad8 15.
Nf1 Nb8 16. Ne3 Nc6 17. Bb2 Nb4 18. Qb1 Nd3 19. Nd5 Bxd5 20. exd5 Nxe1 21. Qxe1
Rfe8 22. Rd1 b4 23. h3 a5 24. Rd2 Qd6 25. Re2 e4 26. Bxf6 Bxf6 27. Rxe4 Rxe4
28. Qxe4 Kf8 29. Nf3 Re8 30. Qd3 Ra8 31. Nd2 Bd4 32. Ne4 Qe5 33. Qf3 a4 34. d6
axb3 35. axb3 Rd8 36. h4 h6 37. Bh3 f5 0-1